MARC

LEADER 00000nab a2200000 a 4500
001 vtls011628302
003 SK-MaSNL
005 20260318141012.0
008 170510|2017 xo m| 000 0|hun
015 |a SNBRB2017/05 
038 |a DSZK 
040 |a DSZK  |b slo  |c DSZK  |e AACR2 
041 0 |a hun 
044 |a xo  |c SK 
080 |a 355.343:641.5-051(437.612)  |2 2011 
100 1 |a Ando, Krisztina  |4 aut  |9 1035982 
245 1 0 |a Nagyító  |c Ando Krisztina 
300 |b Fotogr. 
600 1 7 |a Czucz, Péter  |2 dszk  |9 1185529 
600 1 7 |a Kubík, Marcel  |2 dszk  |9 625877 
600 1 7 |a Ollé, Nikolasz  |2 dszk  |9 1185528 
600 1 7 |a Sidó, Tamás  |2 dszk  |9 1185530 
610 2 7 |a Hotel Amade Château (Vrakúň, Slovensko)  |2 dszk  |9 1087536 
610 2 7 |a Villa Rosa (Dunajská Streda, Slovensko)  |2 dszk  |9 1096773 
650 0 7 |a kuchári  |2 SNKPH  |9 58394 
651 7 |a Vrakúň (Slovensko)  |2 SNKPH  |9 109956 
651 7 |a Dunajská Streda (Slovensko)  |2 SNKPH  |9 17375 
773 0 |t Új nő  |g Évf. 23, sz. 5 (2017), o. 21-23  |x 1335-938X 
852 |a DSZK  |b KIS3GCP 
958 |a HU 
958 |a SK 
999 |c 2052607  |d 2054537